000 00984nam a22002657a 4500
001 4603
003 FISKH
005 20240918085234.0
008 240918b cb ||||| |||| 00| 0 eng d
020 _a9780064400206
040 _aFISKH
_beng
_cFISKH
_dFISKH
050 _aPZ7.A73394
082 _2823.9
100 _aH.Armstrong, William
_d (1911–1999)
245 _aSounder /
_cWilliam H.Armstrong Illustrations by James Barkley
250 _aRevised Harper Trophy edition in 2002
260 _aNew York :
_bHarperTrophy,
_c2002.
300 _a116 pages :
_bIllustrations ;
_c20cm
520 _aAngry and humiliated when his sharecropper father is jailed for stealing food for his family, a young black boy grows in courage and understanding by learning to read and with the help of the devoted dog Sounder.
650 _2Historical fiction
_aAnimals
650 _2Newbery Medal
_aYoung adult
700 _aBarkley, James
_dIllustrator
942 _2ddc
_cBK
_n0
999 _c4603
_d4603